Awesome Comebacks Quiz Stats

 Plays Quiz Updated Nov 6, 2018

Challenge
Share
Tweet
Embed
Score 0/18 Timer 05:00
5 Plays Today
% Correct
'It’s Canada. Question one: Do you want to be Canadian? Question two: Really?'
94.5%
'Could you HAVE a bigger ass right now?'
94.2%
'I ain't got time to bleed.'
92.4%
'Frankly, my dear, I don't give a damn.'
91.6%
'Your mom's chest hair.'
91.2%
'I'm not a psychopath, Anderson, I'm a high-functioning sociopath. Do your research.'
90.4%
'Aha! But you have heard of me.'
89.7%
'So how many cameras are actually on you?'
89.3%
'I didn't know it was possible not to know that.'
87%
% Correct
'No, have you?'
86.7%
'Genius, billionaire, playboy, philanthropist?'
80.4%
'Leave me alone, Baldrick. If I wanted to talk to a vegetable I'd've bought one at the market.'
74.4%
'You're a loony.'
72%
'Sweating like a pig, actually. And yourself?'
70.8%
'You are a sad, strange little man, and you have my pity.'
70%
'I think your tie is ugly.'
65.1%
'Your cholesterol, fatty!'
64.6%
'Why don't you talk properly?'
53.5%

You're not logged in!

Compare scores with friends on all Sporcle quizzes.
OR
Log In

You Might Also Like...

Show Comments

Extras

Top Quizzes Today


Score Distribution

Your Account Isn't Verified!

In order to create a playlist on Sporcle, you need to verify the email address you used during registration. Go to your Sporcle Settings to finish the process.

Report this User

Report this user for behavior that violates our Community Guidelines.

Details: